00983nam a22001937a 4500003000900000008004100009040007100050082002000121100002700141245010300168260004600271300002700317505028500344650003100629650003300660650003600693650002500729700003500754AR-CdUCM190307b ||||| |||| 00| 0 spa d aMUNICIPALIDAD PROVINCIAL DEL CUSCOcBIBLIOTECA MUNICIPAL DEL CUSCO a320.985 /bAR66 aAranda Arrieta, Arturo aBalance coyuntural : bdiez años de dictadura en el Perú bajo el signo del neo liberalismo /  aLima : bEd. M. Aranda Escalante, c2000. a96 páginas ;c2o cm. aContenido: La dependencia de la "Globalización" -- La crisis estructural y coyuntural de nuestro país -- ¿Cómo y porque asume a la Presidencia Alberto Fujimori? -- Las elecciones generales del 2000 -- Vladimiro Montesinos: Jefe del SIN y asesor del Presidente Fujimori ... aFujimori Fujimori, Alberto aMontesinos Torres, Vladimiro aPolítica y gobierno1990-2000. aActividad política aEscalante Gutiérrez, María